00674cam a2200181 a 4500020004000000040000800040082002600048100002100074245002400095250001300119260005200132300006800184650001300252856005600265942000700321999001700328952014700345 a0072421975 (hard copy : alk. paper) cDLC00a570 HIL 2006 A027 Or.1 aMader, Sylvia S.10aInquiry into life / a11th ed. aBoston :bMcGraw-Hill Higher Education,cc2006. a1 v. (various pagings) :bill. (some col.), col. maps ;c29 cm. 0aBiology.41uhttp://www.loc.gov/catdir/toc/fy053/2004017789.html cEK c12985d12985 0010406570_000000000000000_HIL_2006_A027_OR70963129aLBAbLBAcA027d2017-08-18o570 HIL 2006 A027 Or.pA19640r2017-08-18w2017-08-18yEK